000
00295nam a22001217a 4500
008
160524b xxu||||| |||| 00| 0 eng d
020
_a
9781933107035
020
_a
1933107030
041
_a
eng
080
_a
618.2
245
_a
Medical surgical nursing:
_c
Content MasterySeries;
942
_2
udc
_c
BK
999
_c
2418
_d
2418